|
|
|
|
| LEADER |
01649nam a2200397 a 4500 |
| 001 |
EBC421341 |
| 003 |
MiAaPQ |
| 005 |
20200520144314.0 |
| 006 |
m o d | |
| 007 |
cr cn||||||||| |
| 008 |
090903s2008 at ab sb 000 0 eng d |
| 010 |
|
|
|z 2009502433
|
| 020 |
|
|
|z 1921410345 (pbk.)
|
| 020 |
|
|
|z 9781921410345 (pbk.)
|
| 035 |
|
|
|a (MiAaPQ)EBC421341
|
| 035 |
|
|
|a (Au-PeEL)EBL421341
|
| 035 |
|
|
|a (CaPaEBR)ebr10351540
|
| 035 |
|
|
|a (OCoLC)646875655
|
| 040 |
|
|
|a MiAaPQ
|c MiAaPQ
|d MiAaPQ
|
| 043 |
|
|
|a a-cc---
|
| 050 |
|
4 |
|a HF5389.3.C6
|b D63 2008
|
| 082 |
0 |
4 |
|a 332.6730951
|2 22
|
| 245 |
0 |
0 |
|a Doing business in China
|h [electronic resource] :
|b a guide for Australians /
|c National Centre for Language Training.
|
| 260 |
|
|
|a Sydney, Australia :
|b University of New South Wales Press,
|c c2008.
|
| 300 |
|
|
|a 128 p. :
|b col. ill., col. map.
|
| 504 |
|
|
|a Includes bibliographical references (p. 127).
|
| 533 |
|
|
|a Electronic reproduction. Ann Arbor, MI : ProQuest, 2016. Available via World Wide Web. Access may be limited to ProQuest affiliated libraries.
|
| 650 |
|
0 |
|a Business etiquette
|z China
|v Handbooks, manuals, etc.
|
| 650 |
|
0 |
|a Corporate culture
|z China
|v Handbooks, manuals, etc.
|
| 650 |
|
0 |
|a International business enterprises
|z China
|v Handbooks, manuals, etc.
|
| 650 |
|
0 |
|a Success in business
|z China
|v Handbooks, manuals, etc.
|
| 651 |
|
0 |
|a China
|x Social life and customs
|v Handbooks, manuals, etc.
|
| 655 |
|
4 |
|a Electronic books.
|
| 710 |
2 |
|
|a National Centre for Language Training.
|
| 710 |
2 |
|
|a ProQuest (Firm)
|
| 856 |
4 |
0 |
|u https://ebookcentral.proquest.com/lib/matrademy/detail.action?docID=421341
|z Click to View
|